书目信息 |
| 题名: |
数码摄录机拍摄和编辑技巧
|
|
| 作者: | 葛健强 编著 | |
| 分册: | ||
| 出版信息: | 上海 上海科学普及出版社 2004 |
|
| 页数: | 488页 | |
| 开本: | 20cm | |
| 丛书名: | ||
| 单 册: | ||
| 中图分类: | TN948.41 | |
| 科图分类: | ||
| 主题词: | 数字控制摄像机--摄录放一体机--拍摄技术 , 数字控制摄像机--摄录放一体机--电子剪辑 | |
| 电子资源: | ||
| ISBN: | 7-5427-2329-4 | |
| 000 | 01024nam0 2200253 45 | |
| 001 | 060000016557 | |
| 005 | 20051128102914.89 | |
| 010 | @a7-5427-2329-4@dCNY22.00 | |
| 092 | @aCN | |
| 100 | @a20041220d2004 ekmy0chiy0120 ea | |
| 101 | 0 | @achi |
| 102 | @aCN@b310000 | |
| 105 | @aak z 000yy | |
| 200 | 1 | @a数码摄录机拍摄和编辑技巧@9shu ma she lu ji pai she he bian ji ji qiao@f葛健强等编著@Fge jian qiang deng bian zhu |
| 210 | @a上海@c上海科学普及出版社@d2004 | |
| 215 | @a488页@c图@d20cm | |
| 330 | @a本书包括六章,第一章数码和数字摄录一体机概述,第二章数字摄录一体机性能、技术指导及选择,第三章数字摄录一体机的主要附件和其他数码设备,第四章数字摄录一落千丈体机常见产品简介、基本操作、拍摄,第五章Premiere音视频非线性编辑软件和使用,第六章VCD的制作。 | |
| 606 | 0 | @a数字控制摄像机@x摄录放一体机@x拍摄技术 |
| 606 | 0 | @a数字控制摄像机@x摄录放一体机@x电子剪辑 |
| 690 | @aTN948.41@v4 | |
| 701 | 0 | @a葛健强@9ge jian qiang@4编著 |
| 801 | 0 | @aCN@bCXYBOOK@c20051128 |
| 905 | @a10447@dTN948.41@e194 | |
| 999 | @aWJ@eDF | |
| 数码摄录机拍摄和编辑技巧/葛健强等编著.-上海:上海科学普及出版社,2004 |
| 488页:图;20cm |
| ISBN 7-5427-2329-4:CNY22.00 |
| 本书包括六章,第一章数码和数字摄录一体机概述,第二章数字摄录一体机性能、技术指导及选择,第三章数字摄录一体机的主要附件和其他数码设备,第四章数字摄录一落千丈体机常见产品简介、基本操作、拍摄,第五章Premiere音视频非线性编辑软件和使用,第六章VCD的制作。 |
| ● |
| 相关链接 |
|
|
|
|
正题名:数码摄录机拍摄和编辑技巧
索取号:TN948.41/194
 
预约/预借
| 序号 | 登录号 | 条形码 | 馆藏地/架位号 | 状态 | 备注 |
| 1 | 0369242 | 203692423 | 第二样本阅览室/ [索取号:TN948.41/194] | 在馆 | |
| 2 | 0369243 | 203692432 | 第三借阅区/ [索取号:TN948.41/194] | 在馆 | |
| 3 | 0369244 | 203692441 | 第三借阅区/ [索取号:TN948.41/194] | 在馆 | |
| 4 | 0369245 | 203692450 | 第三借阅区/ [索取号:TN948.41/194] | 在馆 | |
| 5 | 0369246 | 203692469 | 第三借阅区/ [索取号:TN948.41/194] | 在馆 |